[Event "Monarch Assurance Isle of Man 14th"]
[Site "Port Erin IOM"]
[Date "2005.09.27"]
[Round "4.46"]
[White "McKenzie, Mark"]
[Black "Nicholson, John"]
[Result "0-1"]
[WhiteElo "1249"]
[BlackElo "2000"]
[PlyCount "98"]
[EventDate "2005.09.24"]
[EventType "swiss"]
[EventRounds "9"]
[EventCountry "IOM"]

1. d4 d5 2. c4 e6 3. Nf3 Nf6 4. Bg5 c6 5. e3 Be7 6. Be2 O-O 7. O-O Nbd7 8. c5
b6 9. b4 a5 10. Qb3 axb4 11. a4 bxa3 12. Rxa3 Rxa3 13. Nxa3 bxc5 14. dxc5 Nxc5
15. Qc2 Nce4 16. Qxc6 Bxa3 17. Bf4 Bd7 18. Qc2 Qe7 19. Ne5 Bd6 20. Nxd7 Qxd7
21. Bxd6 Nxd6 22. Ba6 g6 23. Rb1 h5 24. Qb2 Nfe4 25. f3 Nc5 26. Be2 Rc8 27. Qe5
Na4 28. Rb4 Nc4 29. Qf4 Nab6 30. g4 hxg4 31. Qxg4 Qd6 32. Rb3 Qc5 33. Qg5 Kg7
34. f4 Nxe3 35. Qe5+ f6 36. Qxe3 Qxe3+ 37. Rxe3 Kf7 38. h4 d4 39. Rb3 Nd5 40.
Rf3 Rh8 41. Kf2 Rxh4 42. Kg3 Rh8 43. Ra3 Rc8 44. Kg4 Rc7 45. Rh3 Rc3 46. Bf3
Ne3+ 47. Kh4 d3 48. Rh1 d2 49. Bd1 Rc1 0-1

[Event "Monarch Assurance Isle of Man 14th"]
[Site "Port Erin IOM"]
[Date "2005.09.28"]
[Round "5.2"]
[White "Kobalia, Mikhail"]
[Black "Ikonnikov, Vyacheslav"]
[Result "1/2-1/2"]
[WhiteElo "2614"]
[BlackElo "2560"]
[PlyCount "90"]
[EventDate "2005.09.24"]
[EventType "swiss"]
[EventRounds "9"]
[EventCountry "IOM"]

1. e4 Nf6 2. e5 Nd5 3. d4 d6 4. c4 Nb6 5. exd6 cxd6 6. Nc3 g6 7. Be3 Bg7 8. Rc1
O-O 9. Be2 d5 10. c5 Nc4 11. Bxc4 dxc4 12. Nge2 Bf5 13. O-O Bd3 14. Re1 e5 15.
dxe5 Nc6 16. e6 fxe6 17. Nf4 Qd7 18. b3 Be5 19. Nce2 Bxf4 20. Bxf4 Qf7 21. Bg3
e5 22. Nc3 Rad8 23. Nb5 Qd5 24. Nd6 b5 25. Nxb5 Qxc5 26. bxc4 Bxc4 27. Qg4 Qxb5
28. Rxc4 Nd4 29. Rcc1 Rf5 30. h3 Qd5 31. Rc7 a5 32. Kh2 Ne6 33. Re7 Nf4 34.
Bxf4 Rxf4 35. Qg5 Rxf2 36. R7xe5 Qd6 37. Qg3 Rf6 38. Rxa5 Qxg3+ 39. Kxg3 Rd3+
40. Kh2 Kg7 41. Re2 h5 42. a3 Kh6 43. Ra2 Rf4 44. a4 h4 45. Ra8 Rd1 {both
scoresheets illegible... 97 moves} 1/2-1/2

[Event "Monarch Assurance Isle of Man 14th"]
[Site "Port Erin IOM"]
[Date "2005.09.28"]
[Round "5.3"]
[White "Postny, Evgeny"]
[Black "Korneev, Oleg"]
[Result "1/2-1/2"]
[WhiteElo "2559"]
[BlackElo "2594"]
[PlyCount "24"]
[EventDate "2005.09.24"]
[EventType "swiss"]
[EventRounds "9"]
[EventCountry "IOM"]

1. d4 Nf6 2. c4 g6 3. Nc3 Bg7 4. e4 d6 5. f3 O-O 6. Be3 c5 7. dxc5 dxc5 8. Qxd8
Rxd8 9. e5 Nfd7 10. f4 Nc6 11. O-O-O f6 12. exf6 exf6 1/2-1/2

[Event "Monarch Assurance Isle of Man 14th"]
[Site "Port Erin IOM"]
[Date "2005.09.28"]
[Round "5.4"]
[White "Malakhatko, Vadim"]
[Black "Areshchenko, Alexander"]
[Result "0-1"]
[WhiteElo "2556"]
[BlackElo "2625"]
[PlyCount "68"]
[EventDate "2005.09.24"]
[EventType "swiss"]
[EventRounds "9"]
[EventCountry "IOM"]

1. d4 Nf6 2. c3 g6 3. Bg5 Bg7 4. Nd2 d6 5. e3 O-O 6. Bd3 Nbd7 7. Ne2 b6 8. Bh4
Bb7 9. O-O e5 10. Re1 h6 11. Qb3 Kh8 12. Rad1 g5 13. Bg3 e4 14. Bb1 Qe7 15. c4
Nh5 16. f3 exf3 17. gxf3 f5 18. Qd3 Rae8 19. Bf2 g4 20. fxg4 Qg5 21. h3 Be4 22.
Nxe4 fxe4 23. Qd2 Ndf6 24. Nf4 Nxg4 25. hxg4 Rxf4 26. exf4 Qxg4+ 27. Bg3 Qxg3+
28. Kh1 Qh3+ 29. Qh2 Ng3+ 30. Kg1 Qg4 31. Qg2 Qxf4 32. Qf2 Qg4 33. Kh2 Rg8 34.
Qg2 Nf1+ 0-1

[Event "Monarch Assurance Isle of Man 14th"]
[Site "Port Erin IOM"]
[Date "2005.09.28"]
[Round "5.5"]
[White "Epishin, Vladimir"]
[Black "Sulskis, Sarunas"]
[Result "1/2-1/2"]
[WhiteElo "2600"]
[BlackElo "2535"]
[PlyCount "90"]
[EventDate "2005.09.24"]
[EventType "swiss"]
[EventRounds "9"]
[EventCountry "IOM"]

1. d4 Nf6 2. c4 e6 3. Nf3 b6 4. Nc3 Bb4 5. Bg5 h6 6. Bh4 Bxc3+ 7. bxc3 d6 8.
Nd2 g5 9. Bg3 Nh5 10. e4 Nxg3 11. fxg3 Qe7 12. Be2 Nd7 13. O-O Bb7 14. Rf2
O-O-O 15. a4 a5 16. g4 Kb8 17. Bf3 e5 18. Nf1 c5 19. d5 Ka7 20. Ng3 Rb8 21. Qd3
f6 22. Nf5 Qf8 23. Raf1 Ba6 24. Bd1 Kb7 25. Rf3 Kc7 26. Rh3 Re8 27. Rh5 Re7 28.
Nxe7 Qxe7 29. Rh3 Qg7 30. Rhf3 Rf8 31. Be2 Rf7 32. Rf5 Bc8 33. Rb1 Qf8 34. Rf2
Kb7 35. Bf1 Ka7 36. Rfb2 Qd8 37. Qh3 Qg8 38. Qf3 Qd8 39. Bd3 Nf8 40. Rxb6 Qxb6
41. Rxb6 Kxb6 42. Qh3 Rh7 43. Qf3 Rf7 44. Qh3 Rh7 45. Qf3 Rf7 1/2-1/2

[Event "Monarch Assurance Isle of Man 14th"]
[Site "Port Erin IOM"]
[Date "2005.09.28"]
[Round "5.6"]
[White "Kritz, Leonid"]
[Black "Galkin, Alexander"]
[Result "1/2-1/2"]
[WhiteElo "2544"]
[BlackElo "2598"]
[PlyCount "25"]
[EventDate "2005.09.24"]
[EventType "swiss"]
[EventRounds "9"]
[EventCountry "IOM"]

1. e4 c6 2. Nc3 d5 3. d4 dxe4 4. Nxe4 Nd7 5. c3 Ngf6 6. Nxf6+ Nxf6 7. Bc4 Qc7
8. Qb3 e6 9. Nf3 Bd6 10. O-O O-O 11. Bg5 b6 12. Bd3 Be7 13. Qc2 1/2-1/2

[Event "Monarch Assurance Isle of Man 14th"]
[Site "Port Erin IOM"]
[Date "2005.09.28"]
[Round "5.7"]
[White "Bobras, Piotr"]
[Black "David, Alberto"]
[Result "1/2-1/2"]
[WhiteElo "2525"]
[BlackElo "2579"]
[PlyCount "130"]
[EventDate "2005.09.24"]
[EventType "swiss"]
[EventRounds "9"]
[EventCountry "IOM"]

1. d4 Nf6 2. c4 e6 3. Nf3 d5 4. Bg5 Be7 5. Nc3 h6 6. Bh4 O-O 7. e3 b6 8. Be2
Bb7 9. Bxf6 Bxf6 10. cxd5 exd5 11. b4 c6 12. O-O a5 13. b5 c5 14. Ne5 cxd4 15.
exd4 Bxe5 16. dxe5 d4 17. Na4 Qg5 18. Bg4 Qxe5 19. Nxb6 Ra7 20. Rb1 Qd6 21. Na4
Be4 22. Rb2 d3 23. Rd2 Rc7 24. Re1 Qb4 25. Rb2 Qd4 26. Rd2 Rc4 27. Nb2 Rc3 28.
Qa4 Qxa4 29. Nxa4 Rc4 30. Nb2 Rd4 31. Be2 Rfd8 32. Bf1 Nd7 33. f3 Bf5 34. Kf2
a4 35. Rc1 a3 36. Nd1 Nb6 37. Ne3 Be6 38. Rc3 f5 39. Rdxd3 Rxd3 40. Bxd3 f4 41.
Nc2 Bxa2 42. Rxa3 Bf7 43. g3 Bc4 44. Bxc4+ Nxc4 45. Rc3 Nb2 46. Ke2 Re8+ 47.
Kd2 Rd8+ 48. Kc1 Nd3+ 49. Kb1 Rd5 50. Ka2 Nc1+ 51. Kb2 Nd3+ 52. Ka3 h5 53. Nb4
Rxb5 54. Rxd3 fxg3 55. hxg3 Rg5 56. f4 Rg4 57. Rf3 h4 58. gxh4 Rxh4 59. Nd3 Kf7
60. Rg3 Kf6 61. Kb3 Rh5 62. Nf2 Kf5 63. Nh3 Rh4 64. Kc4 Rg4 65. Rf3 g5 1/2-1/2

[Event "Monarch Assurance Isle of Man 14th"]
[Site "Port Erin IOM"]
[Date "2005.09.28"]
[Round "5.8"]
[White "Mikhalevski, Victor"]
[Black "Howell, David W"]
[Result "1/2-1/2"]
[WhiteElo "2572"]
[BlackElo "2471"]
[PlyCount "168"]
[EventDate "2005.09.24"]
[EventType "swiss"]
[EventRounds "9"]
[EventCountry "IOM"]

1. d4 Nf6 2. c4 g6 3. Nc3 d5 4. Nf3 Bg7 5. cxd5 Nxd5 6. e4 Nxc3 7. bxc3 c5 8.
Rb1 O-O 9. Be2 cxd4 10. cxd4 Qa5+ 11. Bd2 Qxa2 12. O-O Bg4 13. Be3 Nc6 14. d5
Na5 15. Bg5 Qa3 16. Re1 Bxf3 17. Bxf3 Qd6 18. Qe2 Be5 19. g3 b6 20. Bg4 Nb7 21.
Rbd1 a5 22. Be3 a4 23. f4 Bc3 24. e5 Qb4 25. Rb1 Bxe1 26. Rxb4 Bxb4 27. Kg2 Bc5
28. Bd2 a3 29. Bc3 a2 30. Ba1 Ra3 31. f5 Na5 32. fxg6 fxg6 33. Be6+ Kg7 34. d6
Nc6 35. Qe4 Nd8 36. Qh4 Ra7 37. Bd7 e6 38. Qe7+ Rf7 39. Qxd8 Raxd7 40. Qe8 Rf2+
41. Kh3 Rdf7 42. d7 Be7 43. Qxe7 Rxe7 44. d8=Q Ref7 45. Qxb6 Rf1 46. Qb2 R7f2
47. Qd4 Rf7 48. Kh4 R7f2 49. Qa7+ Rf7 50. Qd4 R7f2 51. Kh3 Rf7 52. Kg2 Rb1 53.
g4 Rc1 54. Qb2 Rfc7 55. Kh3 R7c2 56. Qb3 Rf2 57. Qb7+ Rf7 58. Qb2 Rff1 59. Qb7+
Rf7 60. Qb2 Rff1 61. Qxa2 Rxa1 62. Qxe6 g5 63. Qe7+ Kg6 64. Qd6+ Kg7 65. Qc7+
Rf7 66. Qc3 Rfa7 67. e6+ Kg8 68. e7 Kf7 69. e8=Q+ Kxe8 70. Qh8+ Ke7 71. Qxh7+
Kd6 72. Qg6+ Ke5 73. Qxg5+ Ke4 74. Qf5+ Ke3 75. Kg3 R1a3 76. Kh4 R3a5 77. Qe6+
Kf3 78. Qc6+ Kf2 79. g5 Ra4+ 80. Kh5 Rh7+ 81. Kg6 Rah4 82. Kf6 Rxh2 83. g6 R7h6
84. Qc5+ Kf1 1/2-1/2

[Event "Monarch Assurance Isle of Man 14th"]
[Site "Port Erin IOM"]
[Date "2005.09.28"]
[Round "5.9"]
[White "Cox, John"]
[Black "Gormally, Daniel"]
[Result "0-1"]
[WhiteElo "2385"]
[BlackElo "2557"]
[PlyCount "120"]
[EventDate "2005.09.24"]
[EventType "swiss"]
[EventRounds "9"]
[EventCountry "IOM"]

1. d4 Nf6 2. c4 e6 3. Nc3 Bb4 4. f3 d5 5. a3 Bxc3+ 6. bxc3 c5 7. cxd5 Nxd5 8.
dxc5 Qa5 9. e4 Ne7 10. Be3 O-O 11. Qb3 Qc7 12. Bb5 Nbc6 13. Rd1 Na5 14. Qb4
Nec6 15. Qa4 e5 16. Bxc6 bxc6 17. c4 Be6 18. Rc1 Rab8 19. Ne2 Nb3 20. Rc3 Qa5
21. Qxa5 Nxa5 22. Kf2 Nxc4 23. Rhc1 Nb2 24. Ng3 Rfd8 25. Ke2 Na4 26. R3c2 Rb3
27. Ra1 Nc3+ 28. Kf1 Nb5 29. Kf2 Nxa3 30. Rd2 Rdb8 31. Nf1 Nc4 32. Rc2 Rb2 33.
Rxb2 Rxb2+ 34. Kg3 a5 35. Bf2 h5 36. h4 g5 37. Be1 gxh4+ 38. Kxh4 Rxg2 39. Bxa5
Kh7 40. Kxh5 Rf2 41. Bd8 Rxf3 42. Bh4 Rf4 43. Nh2 Rxe4 44. Ra6 Ne3 45. Rxc6 Nf5
46. Bd8 Rf4 47. Kg5 Ng7 48. Rb6 f6+ 49. Bxf6 Rf5+ 50. Kh4 Rxf6 51. c6 Rh6+ 52.
Kg3 Nf5+ 53. Kg2 Bd5+ 54. Kg1 Bxc6 55. Ng4 Rg6 56. Kf2 Rxg4 57. Rxc6 Kg7 58.
Re6 Rf4+ 59. Ke1 Nd4 60. Ra6 Rf6 0-1

[Event "Monarch Assurance Isle of Man 14th"]
[Site "Port Erin IOM"]
[Date "2005.09.28"]
[Round "5.10"]
[White "Sundararajan, Kidambi"]
[Black "Brodsky, Michail"]
[Result "1/2-1/2"]
[WhiteElo "2484"]
[BlackElo "2554"]
[PlyCount "92"]
[EventDate "2005.09.24"]
[EventType "swiss"]
[EventRounds "9"]
[EventCountry "IOM"]

1. d4 Nf6 2. c4 e6 3. Nc3 Bb4 4. Qc2 O-O 5. a3 Bxc3+ 6. Qxc3 b6 7. Bg5 Bb7 8.
f3 h6 9. Bh4 d5 10. e3 Nbd7 11. cxd5 Nxd5 12. Bxd8 Nxc3 13. Be7 Rfe8 14. Bh4
Nd5 15. Bf2 c5 16. e4 N5f6 17. O-O-O Rac8 18. Kb1 Red8 19. Ne2 Ne5 20. Nc3 cxd4
21. Rxd4 Rxd4 22. Bxd4 Nc4 23. Bxc4 Rxc4 {(=)} 24. Rd1 Ne8 25. Be5 f6 26. Bb8
a6 27. Rd8 Rc8 28. Rxc8 Bxc8 29. e5 Kf7 30. Kc2 fxe5 31. Bxe5 Nf6 32. Kd3 Nd7
33. Kd4 Bb7 34. Ne4 Bc6 35. f4 h5 36. g3 g6 37. Bc7 Ke7 38. Nd2 Bd5 39. Nc4 b5
40. Ne3 Bb7 41. Nc2 Nf6 42. Ne3 Ng4 43. Nxg4 hxg4 44. Kc5 Kd7 45. Be5 Be4 46.
Kb6 Bd3 1/2-1/2

[Event "Monarch Assurance Isle of Man 14th"]
[Site "Port Erin IOM"]
[Date "2005.09.28"]
[Round "5.11"]
[White "Kononenko, Tatiana"]
[Black "Ghaem Maghami, Ehsan"]
[Result "1/2-1/2"]
[WhiteElo "2442"]
[BlackElo "2603"]
[PlyCount "79"]
[EventDate "2005.09.24"]
[EventType "swiss"]
[EventRounds "9"]
[EventCountry "IOM"]

1. d4 d6 2. c4 e5 3. d5 g6 4. e4 Bh6 5. Bxh6 Nxh6 6. h4 f5 7. exf5 gxf5 8. Qh5+
Nf7 9. Nc3 Qf6 10. Bd3 Qg6 11. Qxg6 hxg6 12. f3 Nd7 13. Nge2 Nf6 14. Kd2 Bd7
15. Bc2 Ke7 16. Rae1 Rag8 17. g3 g5 18. hxg5 Nxg5 19. Rhf1 Nf7 20. Rh1 Nh5 21.
Reg1 Ng5 22. Rf1 Nf7 23. Rfg1 Nf6 24. Re1 c6 25. b4 cxd5 26. cxd5 Ng5 27. Rhf1
Rh2 28. f4 exf4 29. gxf4 Nge4+ 30. Kc1 Rc8 31. Kb2 Nxc3 32. Nxc3+ Ne4 33. Re2
Rxe2 34. Nxe2 Nd2 35. Rh1 Nc4+ 36. Kb3 Nd2+ 37. Kb2 Nc4+ 38. Kb3 Nd2+ 39. Kb2
Nc4+ 40. Kb3 1/2-1/2

[Event "Monarch Assurance Isle of Man 14th"]
[Site "Port Erin IOM"]
[Date "2005.09.28"]
[Round "5.12"]
[White "Erenburg, Sergey"]
[Black "Palliser, Richard"]
[Result "1-0"]
[WhiteElo "2595"]
[BlackElo "2389"]
[PlyCount "65"]
[EventDate "2005.09.24"]
[EventType "swiss"]
[EventRounds "9"]
[EventCountry "IOM"]

1. e4 c5 2. Nf3 d6 3. d4 cxd4 4. Nxd4 Nf6 5. Nc3 a6 6. Be3 e5 7. Nb3 Be6 8. Qd2
Nbd7 9. f3 b5 10. O-O-O Nb6 11. Qf2 Nc4 12. Bxc4 bxc4 13. Nc5 Be7 14. h4 Qc7
15. N5a4 Rb8 16. g4 Qc6 17. g5 Nd7 18. Qd2 Rb4 19. b3 cxb3 20. axb3 Rxa4 21.
Nxa4 Bxb3 22. Nc3 Bc4 23. Nd5 Qa4 24. Qc3 Bd8 25. Qb4 Qc6 26. Rh2 a5 27. Qa3
O-O 28. Rhd2 Bxd5 29. Rxd5 Bc7 30. R1d3 Rc8 31. Rc3 Qa6 32. Qa4 Nf8 33. Qc4 1-0

[Event "Monarch Assurance Isle of Man 14th"]
[Site "Port Erin IOM"]
[Date "2005.09.28"]
[Round "5.13"]
[White "Zatonskih, Anna"]
[Black "Fridman, Daniel"]
[Result "1/2-1/2"]
[WhiteElo "2435"]
[BlackElo "2566"]
[PlyCount "24"]
[EventDate "2005.09.24"]
[EventType "swiss"]
[EventRounds "9"]
[EventCountry "IOM"]

1. e4 e5 2. Nf3 Nf6 3. Nxe5 d6 4. Nf3 Nxe4 5. Qe2 Qe7 6. d3 Nf6 7. Nc3 Qxe2+ 8.
Bxe2 Be7 9. O-O Bd7 10. d4 Nc6 11. Re1 O-O-O 12. h3 h6 1/2-1/2

[Event "Monarch Assurance Isle of Man 14th"]
[Site "Port Erin IOM"]
[Date "2005.09.28"]
[Round "5.14"]
[White "Roeder, Mathias"]
[Black "Yakovich, Yuri"]
[Result "1/2-1/2"]
[WhiteElo "2393"]
[BlackElo "2560"]
[PlyCount "64"]
[EventDate "2005.09.24"]
[EventType "swiss"]
[EventRounds "9"]
[EventCountry "IOM"]

1. Nf3 d5 2. c4 d4 3. g3 Nc6 4. Bg2 e5 5. O-O Nf6 6. d3 a5 7. e3 dxe3 8. Bxe3
Be7 9. d4 exd4 10. Nxd4 Nxd4 11. Qxd4 Qxd4 12. Bxd4 c6 13. Nc3 Be6 14. b3 O-O
15. Na4 Nd7 16. f4 g6 17. h3 h5 18. Rad1 Rfd8 19. Kh2 Rab8 20. c5 Nf6 21. Be5
Rxd1 22. Rxd1 Rd8 23. Rxd8+ Bxd8 24. Nc3 Nd7 25. Bd4 Bf6 26. Bxf6 Nxf6 27. Kg1
Kg7 28. Na4 Bf5 29. Kf2 Bb1 30. Nc3 Bc2 31. Na4 Bb1 32. Nc3 Bc2 1/2-1/2

[Event "Monarch Assurance Isle of Man 14th"]
[Site "Port Erin IOM"]
[Date "2005.09.28"]
[Round "5.15"]
[White "Gupta, Abhijeet"]
[Black "Kuzubov, Yuriy"]
[Result "1/2-1/2"]
[WhiteElo "2380"]
[BlackElo "2535"]
[PlyCount "80"]
[EventDate "2005.09.24"]
[EventType "swiss"]
[EventRounds "9"]
[EventCountry "IOM"]

1. d4 d5 2. c4 c6 3. Nf3 Nf6 4. Nc3 dxc4 5. a4 Bf5 6. Ne5 Nbd7 7. Nxc4 Qc7 8.
g3 e5 9. dxe5 Nxe5 10. Bf4 Nfd7 11. Bg2 f6 12. O-O Nc5 13. Ne3 Rd8 14. Ncd5 Qd7
15. Nxf5 Qxf5 16. Nc7+ Ke7 17. Qe1 Kd7 18. Rd1+ Bd6 19. Qa5 Kc8 20. Rxd6 Rxd6
21. Nd5 cxd5 22. Qxc5+ Rc6 23. Qxa7 Rd8 24. b4 Ra6 25. Rc1+ Rc6 26. Rd1 Ra6 27.
Qc5+ Rc6 28. Qa5 Ra6 29. Qc5+ Rc6 30. Qb5 Rcd6 31. Be3 Nc4 32. Bc5 Qc2 33. Rf1
Rc6 34. e4 Ra6 35. Be7 Na3 36. Qc5+ Qxc5 37. bxc5 d4 38. Bxd8 Kxd8 39. e5 fxe5
40. Bxb7 Rxa4 1/2-1/2

[Event "Monarch Assurance Isle of Man 14th"]
[Site "Port Erin IOM"]
[Date "2005.09.28"]
[Round "5.17"]
[White "Adly, Ahmed"]
[Black "Mannion, Stephen"]
[Result "1-0"]
[WhiteElo "2503"]
[BlackElo "2331"]
[PlyCount "113"]
[EventDate "2005.09.24"]
[EventType "swiss"]
[EventRounds "9"]
[EventCountry "IOM"]

1. d4 Nf6 2. Nf3 c5 3. e3 b6 4. b3 g6 5. Bb2 Bg7 6. Be2 O-O 7. O-O Bb7 8. c4 d6
9. Nc3 e6 10. dxc5 bxc5 11. Qc2 Nc6 12. Rad1 Qe7 13. Rd2 Rfd8 14. Rfd1 Rd7 15.
Ne1 Rad8 16. Bf3 Ne8 17. Nb5 f5 18. Nd3 Nf6 19. Ba3 Ne4 20. Bxe4 fxe4 21. Nf4
Be5 22. Ne2 a6 23. Nbc3 Nb4 {(=)} 24. Bxb4 cxb4 25. Nxe4 Bxh2+ 26. Kxh2 Qh4+
27. Kg1 Bxe4 28. Qb2 Qg5 29. Ng3 Bc6 30. Qd4 h5 31. Ne4 Bxe4 32. Qxe4 Kf7 33.
Qc6 Ke7 34. Kf1 Qe5 35. Ke2 a5 36. Rd4 Qc5 37. Qe4 Kf7 38. Qf3+ Kg7 39. Qg3 Qf5
40. e4 Qc5 41. R1d2 Kh7 42. Qh3 Qe5 43. g3 Qf6 44. Qh4 Kg7 45. f4 Qxh4 46. gxh4
Kf7 47. e5 d5 48. cxd5 Rxd5 49. Rxd5 Rxd5 50. Rxd5 exd5 51. Ke3 Ke7 52. Kd4 Ke6
53. Kc5 g5 54. fxg5 Kxe5 55. g6 Kf6 56. Kxd5 Kxg6 57. Ke6 1-0

[Event "Monarch Assurance Isle of Man 14th"]
[Site "Port Erin IOM"]
[Date "2005.09.28"]
[Round "5.18"]
[White "Goletiani, Rusudan"]
[Black "Lalic, Bogdan"]
[Result "1/2-1/2"]
[WhiteElo "2332"]
[BlackElo "2491"]
[PlyCount "21"]
[EventDate "2005.09.24"]
[EventType "swiss"]
[EventRounds "9"]
[EventCountry "IOM"]

1. Nf3 c5 2. c4 Nc6 3. d4 cxd4 4. Nxd4 Qb6 5. Nc2 e6 6. Nc3 Nf6 7. e3 Be7 8.
Be2 O-O 9. O-O a6 10. e4 d6 11. b3 1/2-1/2

[Event "Monarch Assurance Isle of Man 14th"]
[Site "Port Erin IOM"]
[Date "2005.09.28"]
[Round "5.19"]
[White "Sareen, Vishal"]
[Black "Gladyszev, Oleg"]
[Result "1/2-1/2"]
[WhiteElo "2385"]
[BlackElo "2436"]
[PlyCount "47"]
[EventDate "2005.09.24"]
[EventType "swiss"]
[EventRounds "9"]
[EventCountry "IOM"]

1. e4 c5 2. Nc3 Nc6 3. Bb5 Nd4 4. Bc4 e6 5. Nf3 Nf6 6. O-O a6 7. d3 b5 8. Bb3
Nxb3 9. axb3 Bb7 10. e5 b4 11. Nb1 Nd5 12. Nbd2 Be7 13. Nc4 O-O 14. Na5 Qc7 15.
Nxb7 Qxb7 16. Qe2 a5 17. Bg5 f6 18. exf6 Bxf6 19. Bxf6 Nf4 20. Qe4 Qxe4 21.
dxe4 Rxf6 22. g3 Ne2+ 23. Kg2 Nd4 24. Nxd4 1/2-1/2

[Event "Monarch Assurance Isle of Man 14th"]
[Site "Port Erin IOM"]
[Date "2005.09.28"]
[Round "5.20"]
[White "Kogan, Artur"]
[Black "Zimmerman, Yuri"]
[Result "1/2-1/2"]
[WhiteElo "2580"]
[BlackElo "2375"]
[PlyCount "74"]
[EventDate "2005.09.24"]
[EventType "swiss"]
[EventRounds "9"]
[EventCountry "IOM"]

1. e4 d6 2. d4 Nf6 3. Nc3 g6 4. Bg5 c6 5. Qd2 Bg7 6. f4 b5 7. Bd3 O-O 8. Nf3
Bg4 9. O-O Qb6 10. Ne2 e5 11. fxe5 dxe5 12. c3 exd4 13. cxd4 Nbd7 14. a4 Rae8
15. a5 Qb7 16. Ng3 c5 17. e5 Nd5 18. Ne4 Re6 19. Nxc5 Nxc5 20. dxc5 Bxf3 21.
Rxf3 Rxe5 22. Rc1 Rc8 23. Bh4 Rh5 24. Qf2 Qd7 25. Be2 Nb4 26. Bf6 Qc7 27. Rf4
Nd5 28. Bxh5 Qxf4 29. Qxf4 Nxf4 30. Bxg7 gxh5 31. Rf1 Kxg7 32. Rxf4 Rxc5 33. b4
Rc2 34. Rf5 a6 35. Rxh5 Rc4 36. Rd5 Rxb4 37. Rd6 Rb2 1/2-1/2

[Event "Monarch Assurance Isle of Man 14th"]
[Site "Port Erin IOM"]
[Date "2005.09.28"]
[Round "5.21"]
[White "Wells, Peter"]
[Black "Peek, Marcel"]
[Result "1-0"]
[WhiteElo "2529"]
[BlackElo "2373"]
[PlyCount "85"]
[EventDate "2005.09.24"]
[EventType "swiss"]
[EventRounds "9"]
[EventCountry "IOM"]

1. d4 d5 2. Nf3 Nf6 3. c4 dxc4 4. e3 e6 5. Bxc4 c5 6. O-O a6 7. a4 Nc6 8. Qe2
Qc7 9. Nc3 Bd6 10. Bd2 O-O 11. Rac1 Bd7 12. Bd3 Qb6 13. Ne4 Nxe4 14. Bxe4 cxd4
15. exd4 f5 16. Bxc6 bxc6 17. b4 f4 18. Qc4 Rf5 19. Rfe1 Rd5 20. Re4 Rf8 21.
Rce1 Rf6 22. h4 h6 23. Bc3 Qb7 24. Qe2 Qc8 25. Nd2 Kh8 26. Qf3 Be8 27. Nc4 Bc7
28. Qh3 Bd7 29. Qf3 Qf8 30. Nb2 Bd6 31. Nd3 Qf7 32. Nc5 Bxc5 33. bxc5 Rff5 34.
Rb1 Qg6 35. Rxf4 Rxf4 36. Rb8+ Kh7 37. Qxf4 e5 38. dxe5 Bh3 39. Qf3 Rd3 40. h5
Qxg2+ 41. Qxg2 Bxg2 42. Kxg2 Rxc3 43. e6 1-0

[Event "Monarch Assurance Isle of Man 14th"]
[Site "Port Erin IOM"]
[Date "2005.09.28"]
[Round "5.22"]
[White "Neubauer, Martin"]
[Black "Hanley, Craig A"]
[Result "1-0"]
[WhiteElo "2468"]
[BlackElo "2367"]
[PlyCount "135"]
[EventDate "2005.09.24"]
[EventType "swiss"]
[EventRounds "9"]
[EventCountry "IOM"]

1. e4 e5 2. Nf3 Nc6 3. Bb5 Nge7 4. Nc3 d6 5. d4 Bd7 6. dxe5 Nxe5 7. Nxe5 dxe5
8. Bc4 Be6 9. Bxe6 Qxd1+ 10. Nxd1 fxe6 11. f3 Nc6 12. Nf2 Nd4 13. Kd1 O-O-O 14.
Bd2 Be7 15. Nd3 Bf6 16. Be3 b6 17. Kd2 c5 18. c4 Rd7 19. Bxd4 Rxd4 20. Kc3 Rhd8
21. Rad1 a6 22. b3 Kc7 23. Nb2 Bg5 24. Rxd4 exd4+ 25. Kc2 Be3 26. Nd3 Rf8 27.
a3 h5 28. b4 Kc6 29. bxc5 bxc5 30. Rb1 Bf4 31. e5 Bg5 32. a4 Ra8 33. g3 Bd8 34.
Nf4 Ba5 35. Kd3 h4 36. gxh4 Rf8 37. Ke4 Re8 38. Rg1 Bd2 39. Nd3 Rh8 40. Rg4 g5
41. hxg5 Rxh2 42. Nf4 Bxf4 43. Kxf4 d3 44. Rg1 d2 45. Rd1 Rg2 46. a5 Kd7 47.
Ke3 Rxg5 48. Rxd2+ Ke7 49. Ke4 Rg1 50. Rd6 Rc1 51. Rxa6 Rxc4+ 52. Ke3 Kd7 53.
Rd6+ Ke7 54. a6 Ra4 55. Rb6 Kd7 56. Kd3 Rf4 57. Ke3 Ra4 58. Kd3 Rf4 59. Rd6+
Ke7 60. Kc3 Rxf3+ 61. Kc4 Re3 62. Rd3 Re4+ 63. Kb5 c4 64. Ra3 c3 65. Rxc3 Rxe5+
66. Rc5 Re1 67. a7 Kd6 68. Rc4 1-0

[Event "Monarch Assurance Isle of Man 14th"]
[Site "Port Erin IOM"]
[Date "2005.09.28"]
[Round "5.23"]
[White "Bosboom-Lanchava, T."]
[Black "Neelotpal, Das"]
[Result "0-1"]
[WhiteElo "2363"]
[BlackElo "2467"]
[PlyCount "70"]
[EventDate "2005.09.24"]
[EventType "swiss"]
[EventRounds "9"]
[EventCountry "IOM"]

1. d4 Nf6 2. c4 e6 3. Nc3 Bb4 4. Qc2 c5 5. dxc5 Bxc5 6. Nf3 Qb6 7. e3 Qc7 8.
Be2 b6 9. O-O a6 10. e4 Nc6 11. Bg5 Bb7 12. a3 Rc8 13. Qd2 Be7 14. h3 d6 15.
Rfd1 Na5 16. Qe3 Qc5 17. Nd2 h6 18. b4 Qxg5 19. f4 Qg6 20. bxa5 d5 21. Nb3 dxc4
22. Qxb6 Ba8 23. Qxa6 O-O 24. Nd2 Qg3 25. Bf3 Qxf4 26. Nxc4 Rc6 27. Qb5 Rb8 28.
Qa4 Rbc8 29. Be2 Nxe4 30. Nxe4 Qxe4 31. Nb6 Rc4 32. Bf3 Qe3+ 33. Kh1 Rxa4 34.
Nxc8 Bxf3 35. Nxe7+ Kh7 0-1

[Event "Monarch Assurance Isle of Man 14th"]
[Site "Port Erin IOM"]
[Date "2005.09.28"]
[Round "5.24"]
[White "Kunin, Vitaly"]
[Black "Radovanovic, Jovica"]
[Result "1-0"]
[WhiteElo "2448"]
[BlackElo "2357"]
[PlyCount "85"]
[EventDate "2005.09.24"]
[EventType "swiss"]
[EventRounds "9"]
[EventCountry "IOM"]

1. d4 d5 2. c4 e6 3. Nc3 Be7 4. Nf3 Nf6 5. Bg5 h6 6. Bh4 O-O 7. e3 b6 8. Qb3
Bb7 9. Bxf6 Bxf6 10. cxd5 exd5 11. Rd1 c6 12. Bd3 Re8 13. O-O Nd7 14. e4 Nf8
15. e5 Be7 16. Bb1 Ne6 17. Qc2 g6 18. Qd2 Bf8 19. h3 Bg7 20. Rfe1 a5 21. a3 b5
22. Ne2 Qb6 23. b4 axb4 24. axb4 Bf8 25. Nh2 Ra4 26. Ng4 Qd8 27. Nf6+ Kg7 28.
Rf1 Bxb4 29. Nxe8+ Qxe8 30. Qc2 c5 31. f4 Nxd4 32. Nxd4 cxd4 33. f5 Qxe5 34.
fxg6 f6 35. Rf5 Qe3+ 36. Kh1 Bd6 37. Rxf6 d3 38. Qf2 Qxf2 39. Rxf2 Kxg6 40.
Bxd3+ Kg7 41. Rdf1 Bc8 42. Rf7+ Kg8 43. R7f6 1-0

[Event "Monarch Assurance Isle of Man 14th"]
[Site "Port Erin IOM"]
[Date "2005.09.28"]
[Round "5.25"]
[White "Mirzoeva, Elmira"]
[Black "Aagaard, Jacob"]
[Result "0-1"]
[WhiteElo "2223"]
[BlackElo "2442"]
[PlyCount "112"]
[EventDate "2005.09.24"]
[EventType "swiss"]
[EventRounds "9"]
[EventCountry "IOM"]

1. e4 d5 2. exd5 Qxd5 3. Nc3 Qa5 4. Nf3 Nc6 5. Be2 Bg4 6. O-O Nf6 7. a3 O-O-O
8. Rb1 e6 9. d3 Bd6 10. h3 h5 11. Bd2 Bxf3 12. Bxf3 Nd4 13. g3 h4 14. Ne4 Nxf3+
15. Qxf3 Qf5 16. Qxf5 exf5 17. Nxd6+ Rxd6 18. Kg2 Nh5 19. gxh4 Rg6+ 20. Kh2 Nf6
21. f3 Rxh4 22. Rg1 Rxg1 23. Rxg1 Ne8 24. Re1 Kd7 25. Re7+ Kxe7 26. Bg5+ Ke6
27. Bxh4 f4 28. Bf2 a6 29. Kg2 Nd6 30. Kf1 Nf5 31. Ke2 Ke5 32. c3 b6 33. d4+
Kd5 34. Kd3 b5 35. b3 Nd6 36. Be1 c5 37. dxc5 Kxc5 38. h4 a5 39. Bd2 a4 40.
bxa4 bxa4 41. Bxf4 Nc4 42. h5 Nxa3 43. Be5 f6 44. h6 gxh6 45. Bxf6 Nc4 46. Be7+
Kd5 47. Kc2 Ke6 48. Bh4 Kf5 49. Bg3 h5 50. Kb1 Kg5 51. Ka2 h4 52. Bc7 Kf5 53.
Bh2 Nd2 54. Ka3 Nxf3 55. Bb8 Ne5 56. Ba7 h3 0-1